000
00200nam a2200109Ia 4500
100
_a
#N/A
942
_c
BK
654
_a
MICROSOFT
245
_a
MICROSOFT ADO.NET
260
_b
#N/A
546
_a
ENGLISH
999
_c
34644
_d
34644